[Event "AUT-chT2M 2324"]
[Site "Austria"]
[Date "2024.03.17"]
[Round "8.2"]
[White "Postlmayer, Jakob"]
[Black "Mohr, Georg"]
[Result "1/2-1/2"]
[WhiteElo "2347"]
[BlackElo "2420"]
[PlyCount "64"]
[EventDate "2023.11.03"]
[EventType "team-tourn"]
[EventRounds "11"]
[EventCountry "AUT"]
[SourceTitle "CB16_2024"]
[SourceDate "2024.04.17"]
[SourceVersion "1"]
[SourceVersionDate "2024.04.17"]
[SourceQuality "1"]
[WhiteTeam "Freistadt/Wartberg"]
[BlackTeam "Frauental"]
[WhiteTeamCountry "AUT"]
[BlackTeamCountry "AUT"]

1. d4 g6 2. e4 Bg7 3. Nc3 d6 4. Be3 a6 5. f4 b5 6. Be2 Bb7 7. Bf3 e6 8. e5 Bxf3 9. Qxf3 d5 10. Nge2 h5 11. Nc1 Nh6 12. a4 b4 13. N3a2 Bf8 14. 0-0 Nd7 15. Nd3 a5 16. c3 bxc3 17. Nxc3 c6 18. Rfc1 Rb8 19. Kh1 Rb3 20. Qd1 Rb7 21. Ne2 Qb6 22. Rc3 Be7 23. Rac1 Rc7 24. Qc2 Qa6 25. Bf2 0-0 26. h3 h4 27. Ng1 Nf5 28. Nf3 Rfc8 29. Qd1 Bb4 30. R3c2 Be7 31. Rc3 Bb4 32. R3c2 Be7 1/2-1/2

[Event "Titled Tuesday intern op 12th Dec Early"]
[Site "Chess.com INT"]
[Date "2023.12.12"]
[Round "3"]
[White "Klimchuk, Andriy"]
[Black "Postlmayer, Jakob"]
[Result "1-0"]
[WhiteElo "2405"]
[BlackElo "2365"]
[PlyCount "71"]
[EventDate "2023.12.12"]
[EventType "swiss (blitz)"]
[EventRounds "11"]
[EventCountry "USA"]
[SourceTitle "CB51_2023"]
[SourceDate "2023.12.20"]
[SourceVersion "1"]
[SourceVersionDate "2023.12.20"]
[SourceQuality "1"]

1. e4 c6 2. d4 d5 3. e5 Bf5 4. Nc3 e6 5. g4 Bg6 6. Nge2 f6 7. Nf4 Bf7 8. Nd3 Nd7 9. Bf4 Ne7 10. Qe2 Ng6 11. Bg3 fxe5 12. dxe5 c5 13. Nxd5 exd5 14. e6 Bxe6 15. Qxe6+ Qe7 16. Qxe7+ Bxe7 17. Bg2 Nb6 18. 0-0-0 0-0-0 19. Rhe1 Bd6 20. f4 c4 21. Ne5 Bxe5 22. fxe5 Rhe8 23. e6 Re7 24. g5 Nf8 25. Re5 Nxe6 26. Rde1 Rde8 27. Bh3 Kd7 28. a4 a5 29. Bf2 Nxa4 30. Rxd5+ Kc7 31. Rde5 Kd7 32. Rxa5 Rf7 33. Bg3 Nb6 34. Rb5 Kc6 35. Rbe5 Nxg5 36. Bg2+ 1-0

[Event "Titled Tuesday intern op 12th Dec Early"]
[Site "Chess.com INT"]
[Date "2023.12.12"]
[Round "1"]
[White "Postlmayer, Jakob"]
[Black "Pertinez Soria, Juan Luis"]
[Result "1-0"]
[WhiteElo "2365"]
[BlackElo "2161"]
[PlyCount "105"]
[EventDate "2023.12.12"]
[EventType "swiss (blitz)"]
[EventRounds "11"]
[EventCountry "USA"]
[SourceTitle "CB51_2023"]
[SourceDate "2023.12.20"]
[SourceVersion "1"]
[SourceVersionDate "2023.12.20"]
[SourceQuality "1"]

1. d4 Nf6 2. c4 e6 3. Nc3 Bb4 4. e3 0-0 5. Bd2 c5 6. a3 Ba5 7. dxc5 Bc7 8. Nf3 a6 9. b4 b6 10. cxb6 Bxb6 11. c5 Bc7 12. Be2 Bb7 13. 0-0 Ne4 14. Nxe4 Bxe4 15. Bc3 f5 16. Qd4 Qe7 17. Rfd1 Rf7 18. Ne5 Qh4 19. g3 Bxe5 20. Qxe5 Qh3 21. Bf1 Qh5 22. Bg2 Nc6 23. Qd6 Bxg2 24. Kxg2 Raf8 25. Qf4 g5 26. Qf3 g4 27. Qf4 Ne7 28. Rxd7 Ng6 29. Qc7 f4 30. exf4 Qf5 31. Re1 h5 32. Rxf7 Rxf7 33. Qc8+ Nf8 34. Qc6 h4 35. Qe4 h3+ 36. Kg1 Rd7 37. Qxf5 exf5 38. f3 Rd3 39. Be5 Ne6 40. fxg4 fxg4 41. Kf2 Rd2+ 42. Re2 Rd1 43. c6 Rc1 44. c7 Kf7 45. a4 Nxc7 46. Bxc7 Rxc7 47. Rb2 Rc1 48. b5 Rh1 49. Ke3 Rg1 50. bxa6 Rg2 51. Rxg2 hxg2 52. Kf2 g1Q+ 53. Kxg1 1-0

[Event "Titled Tuesday intern op 26th Sep Early"]
[Site "Chess.com INT"]
[Date "2023.09.26"]
[Round "7"]
[White "Bychkov, Vladimir"]
[Black "Postlmayer, Jakob"]
[Result "0-1"]
[WhiteElo "2216"]
[BlackElo "2335"]
[PlyCount "136"]
[EventDate "2023.09.26"]
[EventType "swiss (blitz)"]
[EventRounds "11"]
[EventCountry "USA"]
[SourceTitle "EXT 2024"]
[Source "ChessBase"]
[SourceDate "2023.10.10"]
[SourceVersion "1"]
[SourceVersionDate "2023.10.10"]
[SourceQuality "1"]

1. e4 c5 2. Nf3 e6 3. d4 cxd4 4. Nxd4 Nc6 5. Nc3 Qc7 6. Be2 a6 7. 0-0 Nf6 8. Nb3 b5 9. a3 Bb7 10. Bg5 Be7 11. Qd2 d6 12. f4 h6 13. Bh4 0-0 14. Bf3 Rfd8 15. Bf2 Na5 16. Nxa5 Qxa5 17. Rad1 Qc7 18. g4 Rac8 19. g5 hxg5 20. fxg5 Nd7 21. g6 fxg6 22. Bg4 Nf8 23. Be3 Bf6 24. Qf2 Qe7 25. Bb6 Rd7 26. Rd3 Rxc3 27. bxc3 Bxe4 28. Rh3 Rb7 29. Bd4 e5 30. Be3 Rc7 31. Bd2 d5 32. Qb6 Qc5+ 33. Qxc5 Rxc5 34. Ra1 Bxc2 35. Be2 Ne6 36. Bd1 Bxd1 37. Rxd1 e4 38. Rg3 Kf7 39. Rf1 Rc4 40. Kg2 Ra4 41. Bc1 Nc5 42. Rd1 Nd3 43. Rh3 Bxc3 44. Rf1+ Bf6 45. Bg5 Rxa3 46. Rh7 Ke6 47. Bxf6 gxf6 48. Rg7 g5 49. Rg6 Nf4+ 50. Kh1 Nxg6 51. h4 Nxh4 52. Kg1 Nf3+ 53. Kh1 Ke5 54. Rd1 b4 55. Rb1 b3 56. Kg2 a5 57. Rb2 a4 58. Kh1 Ra1+ 59. Kg2 Ra2 60. Kh1 Ra3 61. Kg2 Nd4 62. Kg3 Ra2 63. Rb1 b2 64. Kg4 a3 65. Rf1 Ra1 66. Rh1 f5+ 67. Kg3 f4+ 68. Kg4 Rxh1 0-1

[Event "Titled Tuesday intern op 26th Sep Early"]
[Site "Chess.com INT"]
[Date "2023.09.26"]
[Round "1"]
[White "Postlmayer, Jakob"]
[Black "Abbasi Abeluie, Mohammad Mehdi"]
[Result "1/2-1/2"]
[WhiteElo "2335"]
[BlackElo "2117"]
[PlyCount "108"]
[EventDate "2023.09.26"]
[EventType "swiss (blitz)"]
[EventRounds "11"]
[EventCountry "USA"]
[SourceTitle "EXT 2024"]
[Source "ChessBase"]
[SourceDate "2023.10.10"]
[SourceVersion "1"]
[SourceVersionDate "2023.10.10"]
[SourceQuality "1"]

1. c4 e6 2. Nc3 d5 3. d4 Nf6 4. cxd5 exd5 5. Bg5 Be7 6. Qc2 c6 7. e3 0-0 8. Bd3 h6 9. Bh4 Ne8 10. Bxe7 Qxe7 11. Nf3 Nd6 12. 0-0 Qf6 13. Ne5 Bf5 14. b4 Bxd3 15. Qxd3 a6 16. a4 Qe7 17. b5 Rc8 18. bxc6 bxc6 19. Rfb1 Nd7 20. Nxd7 Qxd7 21. Rb3 a5 22. Rab1 Qc7 23. e4 dxe4 24. Nxe4 Nxe4 25. Qxe4 Rab8 26. g3 Rxb3 27. Rxb3 Qd7 28. Rc3 Rd8 29. Rc4 Qd5 30. Qxd5 Rxd5 31. Kf1 Kf8 32. Ke2 Ke7 33. Ke3 Kd6 34. Rc3 c5 35. dxc5+ Rxc5 36. Rd3+ Kc7 37. Rd4 Rc1 38. Rd5 Kb6 39. Rd6+ Rc6 40. Rd7 Rc7 41. Rxc7 Kxc7 42. Kd4 Kd6 43. Kc4 Kc6 44. f3 f6 45. h3 g6 46. f4 f5 47. Kd4 Kd6 48. Kc4 Kc6 49. Kd4 Kd6 50. h4 h5 51. Kc4 Kc6 52. Kd4 Kd6 53. Kc4 Kc6 54. Kd4 Kd6 1/2-1/2

[Event "Titled Tuesday intern op 26th Sep Early"]
[Site "Chess.com INT"]
[Date "2023.09.26"]
[Round "11"]
[White "Postlmayer, Jakob"]
[Black "Aradhya, Garg"]
[Result "0-1"]
[WhiteElo "2335"]
[BlackElo "2344"]
[PlyCount "88"]
[EventDate "2023.09.26"]
[EventType "swiss (blitz)"]
[EventRounds "11"]
[EventCountry "USA"]
[SourceTitle "EXT 2024"]
[Source "ChessBase"]
[SourceDate "2023.10.10"]
[SourceVersion "1"]
[SourceVersionDate "2023.10.10"]
[SourceQuality "1"]

1. e4 e5 2. Nf3 Nc6 3. Bb5 a6 4. Ba4 Nge7 5. 0-0 Ng6 6. c3 d5 7. d3 Be7 8. Nbd2 0-0 9. Re1 Be6 10. Nf1 b5 11. Bc2 d4 12. cxd4 Nxd4 13. Nxd4 Qxd4 14. Ng3 Rfd8 15. Re3 Bg5 16. Rf3 Bxc1 17. Qxc1 Nf4 18. a3 c5 19. Re3 Bg4 20. h3 Be6 21. Ne2 Nxe2+ 22. Rxe2 Ra7 23. Rb1 Rad7 24. Qe3 Kf8 25. Qxd4 Rxd4 26. Kf1 c4 27. Rd2 cxd3 28. Bd1 Rxe4 29. Rc1 Rc4 30. Rxc4 bxc4 31. f3 Ke7 32. Kf2 f5 33. Ke3 f4+ 34. Kf2 h5 35. h4 Kd6 36. Ba4 Kc5 37. Rd1 Bd7 38. Bxd7 Rxd7 39. Ke1 Kd4 40. Kd2 Rb7 41. Rb1 Rxb2+ 42. Rxb2 c3+ 43. Kc1 cxb2+ 44. Kxb2 Ke3 0-1

[Event "Titled Tuesday intern op 26th Sep Early"]
[Site "Chess.com INT"]
[Date "2023.09.26"]
[Round "10"]
[White "Postlmayer, Jakob"]
[Black "Tulchynskyi, Feliks"]
[Result "1-0"]
[WhiteElo "2335"]
[BlackElo "2228"]
[PlyCount "113"]
[EventDate "2023.09.26"]
[EventType "swiss (blitz)"]
[EventRounds "11"]
[EventCountry "USA"]
[SourceTitle "EXT 2024"]
[Source "ChessBase"]
[SourceDate "2023.10.10"]
[SourceVersion "1"]
[SourceVersionDate "2023.10.10"]
[SourceQuality "1"]

1. e4 c5 2. Nf3 Nc6 3. Bb5 d6 4. 0-0 Bd7 5. Re1 e5 6. c3 a6 7. Bf1 Nf6 8. d4 Be7 9. d5 Na7 10. a4 0-0 11. Nbd2 b5 12. axb5 axb5 13. b3 Qb8 14. Bb2 Nc8 15. Bd3 Rxa1 16. Qxa1 Qb7 17. Qd1 Ne8 18. Qe2 Nc7 19. Ra1 Nb6 20. Nf1 Ra8 21. Qd1 Rxa1 22. Qxa1 Qa6 23. Qxa6 Nxa6 24. Ne3 g6 25. Kf1 c4 26. bxc4 Nc5 27. Bc2 bxc4 28. Ba3 f6 29. Bxc5 dxc5 30. Nd2 Bb5 31. Ke2 Kf7 32. Kd1 Bd8 33. Bb1 Na4 34. Kc2 Ba5 35. Ndxc4 Bc7 36. Ba2 Ke7 37. Bb3 Nb6 38. Nxb6 Bxb6 39. Bc4 Ba4+ 40. Kd2 h5 41. d6+ Kxd6 42. Bf7 g5 43. Bxh5 Bc6 44. Bg6 Bd8 45. g3 Bc7 46. h4 gxh4 47. gxh4 Ke7 48. h5 Kf8 49. h6 Bd7 50. Kd3 Be6 51. Nd5 Bxd5 52. exd5 Kg8 53. Ke4 Bd6 54. Kf5 c4 55. Kxf6 e4 56. Bxe4 Ba3 57. Ke5 1-0

[Event "Titled Tuesday intern op 29th Aug Early"]
[Site "Chess.com INT"]
[Date "2023.08.29"]
[Round "1"]
[White "Postlmayer, Jakob"]
[Black "Wang, Alexander J"]
[Result "1-0"]
[WhiteElo "2347"]
[BlackElo "1841"]
[PlyCount "87"]
[EventDate "2023.08.29"]
[EventType "swiss (blitz)"]
[EventRounds "11"]
[EventCountry "USA"]
[SourceTitle "EXT 2024"]
[Source "ChessBase"]
[SourceDate "2023.10.10"]
[SourceVersion "1"]
[SourceVersionDate "2023.10.10"]
[SourceQuality "1"]

1. c4 Nf6 2. Nc3 d6 3. g3 g6 4. Bg2 Bg7 5. e4 e5 6. Nge2 Nc6 7. d3 0-0 8. 0-0 Bg4 9. f3 Bd7 10. f4 a6 11. h3 Nd4 12. Nxd4 exd4 13. Ne2 Ne8 14. g4 c5 15. Bd2 Nc7 16. g5 Bc6 17. Ng3 b5 18. b3 bxc4 19. bxc4 Qd7 20. Rb1 Rab8 21. Qf3 f5 22. gxf6 Bxf6 23. f5 Be5 24. Qg4 Qg7 25. Qh4 Bxg3 26. Qxg3 gxf5 27. Qxd6 Qd7 28. Qxd7 Bxd7 29. Bf4 Rxb1 30. Rxb1 Ne6 31. Bd6 Rf7 32. Rb7 fxe4 33. Bxe4 Kg7 34. Be5+ Kh6 35. Bd5 Kg5 36. Kg2 Kf5 37. Bg3 Kg5 38. h4+ Kf5 39. Be4+ Kf6 40. Bd5 Kf5 41. Ra7 h5 42. Be4+ Kg4 43. Bf2 Nf4+ 44. Kf1 1-0

[Event "Titled Tuesday intern op 22nd Aug Late"]
[Site "Chess.com INT"]
[Date "2023.08.22"]
[Round "11"]
[White "Colpe, Malte"]
[Black "Postlmayer, Jakob"]
[Result "1/2-1/2"]
[WhiteElo "2381"]
[BlackElo "2347"]
[PlyCount "30"]
[EventDate "2023.08.22"]
[EventType "swiss (blitz)"]
[EventRounds "11"]
[EventCountry "USA"]
[SourceTitle "EXT 2024"]
[Source "ChessBase"]
[SourceDate "2023.10.10"]
[SourceVersion "1"]
[SourceVersionDate "2023.10.10"]
[SourceQuality "1"]

1. e4 e5 2. Nf3 Nf6 3. Nc3 Nc6 4. d4 exd4 5. Nxd4 Bb4 6. Nxc6 bxc6 7. Bd3 0-0 8. 0-0 d5 9. exd5 Bg4 10. f3 Bh5 11. dxc6 Qd4+ 12. Kh1 Bxc3 13. bxc3 Qxc3 14. Bg5 Qxc6 15. Qd2 Bg6 1/2-1/2

[Event "Titled Tuesday intern op 22nd Aug Early"]
[Site "Chess.com INT"]
[Date "2023.08.22"]
[Round "11"]
[White "Hambleton, Aman"]
[Black "Postlmayer, Jakob"]
[Result "0-1"]
[WhiteElo "2420"]
[BlackElo "2347"]
[PlyCount "116"]
[EventDate "2023.08.22"]
[EventType "swiss (blitz)"]
[EventRounds "11"]
[EventCountry "USA"]
[SourceTitle "EXT 2024"]
[Source "ChessBase"]
[SourceDate "2023.10.10"]
[SourceVersion "1"]
[SourceVersionDate "2023.10.10"]
[SourceQuality "1"]

1. d4 d5 2. Bf4 Nf6 3. e3 c5 4. c3 Nc6 5. Nd2 e6 6. Ngf3 cxd4 7. exd4 Nh5 8. Be3 Bd6 9. g3 0-0 10. Bd3 g6 11. 0-0 e5 12. dxe5 Nxe5 13. Nxe5 Bxe5 14. Nb3 Qc7 15. Bd4 Bd6 16. Qf3 Be6 17. Rfe1 Rae8 18. Re3 Re7 19. Rae1 Rfe8 20. Bb5 Rd8 21. Bf6 Nxf6 22. Qxf6 a6 23. Bd3 Ree8 24. Nd4 Bd7 25. h4 Bf8 26. Rxe8 Rxe8 27. Rxe8 Bxe8 28. Qf3 Qe5 29. Qe2 Bd6 30. Qxe5 Bxe5 31. f4 Bd6 32. Kf2 Kf8 33. Ke3 Ke7 34. g4 h6 35. g5 hxg5 36. hxg5 Bd7 37. Nf3 Bg4 38. Ne5 Bc5+ 39. Kd2 Be6 40. b4 Ba7 41. a4 Kd6 42. a5 Bb8 43. Nf3 Ba7 44. Nd4 Bd7 45. Ke3 Bc8 46. Bc2 b6 47. axb6 Bxb6 48. Kf3 a5 49. Nb5+ Ke7 50. bxa5 Bxa5 51. Ke3 Bd7 52. Nd4 Bxc3 53. Bb3 Kd6 54. Nb5+ Bxb5 55. Kf3 Kc5 56. Kg4 Bd7+ 57. Kh4 Be6 58. Bc2 Be1# 0-1

[Event "Titled Tuesday intern op 22nd Aug Early"]
[Site "Chess.com INT"]
[Date "2023.08.22"]
[Round "5"]
[White "Leiva Rodriguez, Jeammarco Giuseppe"]
[Black "Postlmayer, Jakob"]
[Result "1-0"]
[WhiteElo "2380"]
[BlackElo "2347"]
[PlyCount "111"]
[EventDate "2023.08.22"]
[EventType "swiss (blitz)"]
[EventRounds "11"]
[EventCountry "USA"]
[SourceTitle "EXT 2024"]
[Source "ChessBase"]
[SourceDate "2023.10.10"]
[SourceVersion "1"]
[SourceVersionDate "2023.10.10"]
[SourceQuality "1"]

1. e4 c6 2. d3 d5 3. Nf3 dxe4 4. dxe4 Qxd1+ 5. Kxd1 Nf6 6. Nfd2 h5 7. f3 g5 8. Nc4 g4 9. c3 Be6 10. Be3 Nbd7 11. Nbd2 Bh6 12. Ke2 0-0-0 13. a4 b6 14. b4 Kb7 15. a5 b5 16. a6+ Kc7 17. Nb2 Bxe3 18. Kxe3 gxf3 19. gxf3 Ne5 20. Nd3 Nfd7 21. Nf4 Nb6 22. Nxe6+ fxe6 23. Be2 Rhg8 24. Rhg1 Nec4+ 25. Nxc4 Nxc4+ 26. Bxc4 bxc4 27. Rxg8 Rxg8 28. Ra5 Rd8 29. Rxh5 Rd3+ 30. Kf4 Rxc3 31. Rc5 Kd6 32. e5+ Kc7 33. b5 Kb6 34. bxc6 Kc7 35. h4 Rc1 36. Kg5 c3 37. Kg6 c2 38. Kf7 Re1 39. Rxc2 Rxe5 40. Rh2 Rf5+ 41. Kxe7 Rxf3 42. h5 Rg3 43. h6 Rg8 44. Kf7 Rh8 45. Kg7 Rc8 46. h7 e5 47. h8Q Rxh8 48. Rxh8 Kxc6 49. Kf6 e4 50. Ke5 e3 51. Kd4 Kb5 52. Kxe3 Kxa6 53. Kd4 Kb5 54. Rb8+ Ka4 55. Kc4 a5 56. Ra8 1-0

[Event "Titled Tuesday intern op 22nd Aug Late"]
[Site "Chess.com INT"]
[Date "2023.08.22"]
[Round "6"]
[White "Postlmayer, Jakob"]
[Black "Akhayan, Ruben"]
[Result "1-0"]
[WhiteElo "2347"]
[BlackElo "2249"]
[PlyCount "83"]
[EventDate "2023.08.22"]
[EventType "swiss (blitz)"]
[EventRounds "11"]
[EventCountry "USA"]
[SourceTitle "EXT 2024"]
[Source "ChessBase"]
[SourceDate "2023.10.10"]
[SourceVersion "1"]
[SourceVersionDate "2023.10.10"]
[SourceQuality "1"]

1. d4 Nf6 2. Nf3 g6 3. Nbd2 d5 4. b3 Bg7 5. Bb2 0-0 6. e3 c6 7. Be2 a5 8. a3 Bg4 9. c4 Nbd7 10. 0-0 Ne4 11. h3 Bxf3 12. Nxf3 e6 13. Qc2 a4 14. b4 Qe7 15. Rac1 Rfc8 16. Rfd1 h6 17. Nd2 Nxd2 18. Qxd2 Kh7 19. Qc2 b5 20. cxb5 cxb5 21. Qb1 Rxc1 22. Rxc1 Rb8 23. Rc6 Nf6 24. Qf1 Qb7 25. Rc5 Ne4 26. Rxb5 Qc7 27. Rxb8 Qxb8 28. Qc1 Qd8 29. Bd3 Nd6 30. Qc6 Bf8 31. Qxa4 Qf6 32. Qc2 h5 33. a4 Qd8 34. b5 Qa5 35. Bc3 Qb6 36. Bb4 Be7 37. a5 Qb8 38. b6 Bf8 39. Qc6 Nf5 40. Bxf8 Qxf8 41. Bxf5 exf5 42. Qxd5 1-0

[Event "Titled Tuesday intern op 22nd Aug Late"]
[Site "Chess.com INT"]
[Date "2023.08.22"]
[Round "9"]
[White "Postlmayer, Jakob"]
[Black "Dominguez Perez, Leinier"]
[Result "0-1"]
[WhiteElo "2347"]
[BlackElo "2739"]
[PlyCount "62"]
[EventDate "2023.08.22"]
[EventType "swiss (blitz)"]
[EventRounds "11"]
[EventCountry "USA"]
[SourceTitle "EXT 2024"]
[Source "ChessBase"]
[SourceDate "2023.10.10"]
[SourceVersion "1"]
[SourceVersionDate "2023.10.10"]
[SourceQuality "1"]

1. d4 Nf6 2. Nf3 d5 3. e3 c5 4. dxc5 e6 5. b4 a5 6. c3 axb4 7. cxb4 b6 8. Bb5+ Bd7 9. Bxd7+ Nbxd7 10. a4 bxc5 11. b5 Bd6 12. 0-0 0-0 13. Bb2 Qb8 14. Nc3 c4 15. h3 Nc5 16. Nd4 Nd3 17. Qc2 Rc8 18. Ba3 Bxa3 19. Rxa3 e5 20. Nc6 Qd6 21. Rd1 Qxa3 22. Rb1 Qd6 23. e4 dxe4 24. Nd1 Rxc6 25. bxc6 Qxc6 26. Ra1 g6 27. Ne3 c3 28. Ra3 Nb4 29. Qxc3 Qxc3 30. Rxc3 Rxa4 31. Kh2 Ra2 0-1

[Event "Titled Tuesday intern op 22nd Aug Late"]
[Site "Chess.com INT"]
[Date "2023.08.22"]
[Round "7"]
[White "Postlmayer, Jakob"]
[Black "Klukin, Kirill"]
[Result "1-0"]
[WhiteElo "2347"]
[BlackElo "2390"]
[PlyCount "133"]
[EventDate "2023.08.22"]
[EventType "swiss (blitz)"]
[EventRounds "11"]
[EventCountry "USA"]
[SourceTitle "EXT 2024"]
[Source "ChessBase"]
[SourceDate "2023.10.10"]
[SourceVersion "1"]
[SourceVersionDate "2023.10.10"]
[SourceQuality "1"]

1. d4 d5 2. Nf3 c6 3. Bf4 Bf5 4. e3 e6 5. c4 Nf6 6. Qb3 Qc8 7. Nc3 Nbd7 8. Rc1 Be7 9. h3 h6 10. Be2 0-0 11. 0-0 Nb6 12. Ne5 Nfd7 13. Nxd7 Qxd7 14. c5 Nc8 15. Qa4 b5 16. Qa6 Bg5 17. Bg3 Ne7 18. b4 Qc8 19. Qxc8 Nxc8 20. a4 a6 21. Ra1 Ne7 22. Ra2 a5 23. axb5 axb4 24. Rxa8 Rxa8 25. b6 e5 26. Bxe5 Bc8 27. Nb1 Ra2 28. Bd3 Bf6 29. Bxf6 gxf6 30. Rd1 Bb7 31. Kf1 Kf8 32. Ke1 Ke8 33. Rd2 Ra4 34. Rb2 Kd8 35. Kd2 Kc8 36. Bc2 Ra1 37. Rxb4 Kb8 38. Rb2 Ra5 39. Bd3 Bc8 40. Nc3 Bf5 41. Be2 Kb7 42. g4 Bg6 43. Ra2 Rxa2+ 44. Nxa2 f5 45. Nb4 fxg4 46. hxg4 f5 47. gxf5 Bxf5 48. Ke1 Bd7 49. Kf1 Nf5 50. Kg2 Nh4+ 51. Kg3 Ng6 52. Bd3 Ne7 53. f3 Be8 54. e4 Bg6 55. Kg4 Ng8 56. exd5 Bxd3 57. dxc6+ Kc8 58. Nxd3 Nf6+ 59. Kf5 Nd5 60. Ke5 Ne7 61. d5 h5 62. c7 h4 63. Nf4 Kd7 64. c6+ Kc8 65. Ke6 Nxd5 66. Kxd5 h3 67. Kd6 1-0

[Event "Titled Tuesday intern op 15th Aug Late"]
[Site "Chess.com INT"]
[Date "2023.08.15"]
[Round "6"]
[White "Andrews, Todd D"]
[Black "Postlmayer, Jakob"]
[Result "0-1"]
[WhiteElo "2149"]
[BlackElo "2347"]
[PlyCount "108"]
[EventDate "2023.08.15"]
[EventType "swiss (blitz)"]
[EventRounds "11"]
[EventCountry "USA"]
[SourceTitle "EXT 2024"]
[Source "ChessBase"]
[SourceDate "2023.10.10"]
[SourceVersion "1"]
[SourceVersionDate "2023.10.10"]
[SourceQuality "1"]

1. e4 c5 2. Nf3 d6 3. d4 cxd4 4. Nxd4 Nf6 5. Nc3 a6 6. Bc4 e6 7. Bb3 b5 8. Qe2 Nbd7 9. g4 Nc5 10. g5 Nfd7 11. Bd5 exd5 12. Nc6 Qc7 13. exd5+ Ne5 14. f4 Be7 15. fxe5 dxe5 16. Be3 0-0 17. 0-0-0 Bd6 18. Bxc5 Bxc5 19. Ne4 Bb6 20. Rhf1 Bh3 21. Qh5 Bxf1 22. Rxf1 Qd7 23. Nf6+ gxf6 24. gxf6 Kh8 25. Nxe5 Qe8 26. Re1 Bc7 27. Nf3 Bf4+ 28. Kb1 Qd8 29. Qf5 Re8 30. Rg1 Rg8 31. Rd1 Bd6 32. Ng5 Rxg5 33. Qxg5 Qg8 34. Qf5 Qg6 35. Qf3 Rg8 36. a3 Be5 37. Rf1 Bd6 38. h4 h6 39. h5 Qg5 40. Qe4 Rd8 41. Re1 Bf8 42. Qd4 Qxd5 43. Qe4 Qxe4 44. Rxe4 Rd6 45. Ka2 Rxf6 46. Re8 Kg7 47. Ra8 Rf5 48. Rxa6 Rxh5 49. Ra5 Rg5 50. a4 bxa4 51. Rxa4 h5 52. Rh4 Be7 53. c3 Ra5+ 54. Kb3 Bxh4 0-1

[Event "Titled Tuesday intern op 15th Aug Early"]
[Site "Chess.com INT"]
[Date "2023.08.15"]
[Round "9"]
[White "Korol, Dimitry"]
[Black "Postlmayer, Jakob"]
[Result "0-1"]
[WhiteElo "2287"]
[BlackElo "2347"]
[PlyCount "54"]
[EventDate "2023.08.15"]
[EventType "swiss (blitz)"]
[EventRounds "11"]
[EventCountry "USA"]
[SourceTitle "EXT 2024"]
[Source "ChessBase"]
[SourceDate "2023.10.10"]
[SourceVersion "1"]
[SourceVersionDate "2023.10.10"]
[SourceQuality "1"]

1. d4 d5 2. c4 c6 3. Nc3 Nf6 4. e3 e6 5. Nf3 Nbd7 6. Bd3 dxc4 7. Bxc4 b5 8. Be2 Bb7 9. e4 b4 10. e5 bxc3 11. exf6 Nxf6 12. bxc3 Bd6 13. Rb1 Qc7 14. Ne5 0-0 15. Nc4 Be7 16. Bf4 Qxf4 17. Rxb7 Nd5 18. Qd2 Bg5 19. h4 Qxd2+ 20. Nxd2 Bf6 21. Ne4 Rfb8 22. Rb3 a5 23. Kd2 a4 24. Rbb1 Rxb1 25. Rxb1 Bxh4 26. c4 Nf6 27. Nd6 Bxf2 0-1

[Event "Titled Tuesday intern op 15th Aug Early"]
[Site "Chess.com INT"]
[Date "2023.08.15"]
[Round "3"]
[White "Lenoir Ibacache, Gabriel Alberto"]
[Black "Postlmayer, Jakob"]
[Result "0-1"]
[WhiteElo "2225"]
[BlackElo "2347"]
[PlyCount "64"]
[EventDate "2023.08.15"]
[EventType "swiss (blitz)"]
[EventRounds "11"]
[EventCountry "USA"]
[SourceTitle "EXT 2024"]
[Source "ChessBase"]
[SourceDate "2023.10.10"]
[SourceVersion "1"]
[SourceVersionDate "2023.10.10"]
[SourceQuality "1"]

1. e4 c5 2. g3 d5 3. exd5 Qxd5 4. Nf3 Bg4 5. Bg2 Qe6+ 6. Kf1 Nc6 7. h3 Bh5 8. Nc3 Qd7 9. d3 e6 10. g4 Bg6 11. Bf4 Bd6 12. Qd2 Nge7 13. Re1 0-0 14. Ne5 Nxe5 15. Bxe5 Nc6 16. Bxd6 Qxd6 17. Be4 Nd4 18. Re3 f5 19. Bg2 f4 20. Rf3 Rad8 21. h4 Nxf3 22. Bxf3 h6 23. b3 Bxd3+ 24. cxd3 Qxd3+ 25. Qxd3 Rxd3 26. Bxb7 Rxc3 27. Kg2 Kf7 28. Rd1 Ke7 29. Re1 Rd8 30. Re4 Rd4 31. Re5 Rd2 32. Be4 Re2 0-1

[Event "Titled Tuesday intern op 15th Aug Early"]
[Site "Chess.com INT"]
[Date "2023.08.15"]
[Round "10"]
[White "Postlmayer, Jakob"]
[Black "Bashirli, Saadat"]
[Result "1-0"]
[WhiteElo "2347"]
[BlackElo "1567"]
[PlyCount "88"]
[EventDate "2023.08.15"]
[EventType "swiss (blitz)"]
[EventRounds "11"]
[EventCountry "USA"]
[SourceTitle "EXT 2024"]
[Source "ChessBase"]
[SourceDate "2023.10.10"]
[SourceVersion "1"]
[SourceVersionDate "2023.10.10"]
[SourceQuality "1"]

1. d4 Nf6 2. c4 g6 3. Nc3 Bg7 4. e4 d6 5. f3 0-0 6. Be3 c6 7. Qd2 a6 8. h4 h5 9. 0-0-0 b5 10. Bg5 bxc4 11. Bxc4 Qb6 12. e5 dxe5 13. dxe5 Nd5 14. Bxd5 cxd5 15. Bxe7 Re8 16. Nxd5 Qc6+ 17. Qc3 Bxe5 18. Qxc6 Nxc6 19. Nf6+ Bxf6 20. Bxf6 Bf5 21. Bc3 Rac8 22. Nh3 Re2 23. Rd2 Rce8 24. Nf4 Rxd2 25. Kxd2 Rd8+ 26. Ke3 Kf8 27. Re1 a5 28. a3 a4 29. Kf2 Rb8 30. Rd1 Ke7 31. Rd5 Be6 32. Rd2 Rb5 33. Re2 Nd8 34. Re4 Nb7 35. Nxe6 fxe6 36. Rxa4 Nc5 37. Rd4 e5 38. Rd5 Kf6 39. Ke3 Ke6 40. Rxe5+ Kf6 41. b4 Na4 42. Rxb5+ Nxc3 43. Ra5 Na2 44. Kd2 Nc3 1-0

[Event "Titled Tuesday intern op 15th Aug Late"]
[Site "Chess.com INT"]
[Date "2023.08.15"]
[Round "4"]
[White "Postlmayer, Jakob"]
[Black "Bullen, Alex"]
[Result "1-0"]
[WhiteElo "2347"]
[BlackElo "2128"]
[PlyCount "71"]
[EventDate "2023.08.15"]
[EventType "swiss (blitz)"]
[EventRounds "11"]
[EventCountry "USA"]
[SourceTitle "EXT 2024"]
[Source "ChessBase"]
[SourceDate "2023.10.10"]
[SourceVersion "1"]
[SourceVersionDate "2023.10.10"]
[SourceQuality "1"]

1. Nf3 d5 2. g3 Nf6 3. Bg2 Bf5 4. c4 c6 5. Qb3 Qb6 6. d3 dxc4 7. Qxc4 e6 8. 0-0 Nbd7 9. Qc2 Be7 10. Nc3 0-0 11. e4 Bg6 12. Be3 Qc7 13. h3 Rfd8 14. Rad1 a6 15. d4 e5 16. dxe5 Nxe5 17. Nxe5 Qxe5 18. f4 Qc7 19. Rxd8+ Rxd8 20. f5 Qxg3 21. Bf4 Bc5+ 22. Kh1 Qh4 23. fxg6 hxg6 24. Bh2 Nh5 25. Qb3 Rd7 26. Ne2 b5 27. Qf3 Nf6 28. e5 Nd5 29. Bg3 Qe7 30. Rd1 Ne3 31. Rxd7 Qxd7 32. Bf2 Nf5 33. Bxc5 Nh4 34. Qf2 Qd1+ 35. Ng1 Qd5 36. Bxd5 1-0